Logické systémy : Díl 2. Sekvenční obvody

Enregistré dans:
Détails bibliographiques
Auteurs principaux: Perrin, J. P. (Auteur), Denouette, M. (Auteur), Daclin, E. (Auteur)
Format: Livre
Langue:tchèque
Publié: Praha : SNTL, 1972
Édition:1. vyd.
Tags: Ajouter un tag
Pas de tags, Soyez le premier à ajouter un tag!

MARC

LEADER 00000nam a22000003a 4500
001 stu53361
005 20150617225703.1
008 000427s1972----cs------------------cze-d
040 |a STU  |b slo 
041 0 |a cze 
044 |a cs 
080 |a 621.374.32  |7 stu_us_auth*stu7886 
100 1 |a Perrin, J. P.  |4 aut 
245 1 |a Logické systémy :  |b Díl 2. Sekvenční obvody 
250 |a 1. vyd. 
260 |a Praha :  |b SNTL,  |c 1972 
300 |a 373 s 
700 1 |a Denouette, M.  |4 aut 
700 1 |a Daclin, E.  |4 aut 
996 |b 284EK04295  |c E*28656  |l EE01  |s A  |a 24  |w stu53361_0002 
996 |b 284EK04296  |c E*32646  |l EE0101  |s P  |a 0  |w stu53361_0003